| 000 | 00980nam a2200313 i 4500 | ||
|---|---|---|---|
| 001 | 8646 | ||
| 003 | KOSZ 005 | ||
| 005 | 20200630132818.0 | ||
| 008 | 070716s1970 pl a f 001 0 pol | ||
| 015 | _aPB 1970/3291 | ||
| 040 |
_aWA N _cKOSZ 005/ID _dKOSZ 005/ID |
||
| 041 | 1 |
_apol _heng |
|
| 080 | _a53:523.03 | ||
| 245 | 0 | 0 | _aSiedem stanów materii. |
| 246 | 1 |
_iTyt. oryg.: _aSeven states of matter. |
|
| 260 |
_aWarszawa : _bPaństwowe Wydawnictwo Naukowe, _c1970. |
||
| 300 |
_a295, [1] s. : _bil. ; _c23 cm. |
||
| 380 | _aKsiążki. | ||
| 490 | 1 |
_aBiblioteka Problemów ; _vt. 148. |
|
| 504 | _aIndeks. | ||
| 546 | _aTł. z ang. | ||
| 650 | 4 | _aTermodynamika | |
| 650 | 4 | _aMateria | |
| 650 | 4 | _aAstrofizyka | |
| 710 | 2 |
_aPaństwowe Wydawnictwo Naukowe _4pbl. |
|
| 830 | 0 |
_aBiblioteka Problemów, _vt. 148. |
|
| 856 |
_uhttp://koha.tu.koszalin.pl/cgi-bin/koha/opac-detail.pl?biblionumber=8646 _yKatalog online BPK |
||
| 942 |
_2UKD _cKS |
||
| 999 |
_c8646 _d8646 |
||